| 000 | 01767nam a22003017a 4500 | ||
|---|---|---|---|
| 003 | dpl | ||
| 005 | 20080911114410.0 | ||
| 008 | 080911t xxu||||| |||| 00| 0 eng d | ||
| 010 | _aDVD-000516-518 | ||
| 024 |
_2A5024 _c499.00 |
||
| 035 | _aDVD-000516-518 | ||
| 040 |
_aDPL _cDPL |
||
| 082 | _aDVD / TARZ | ||
| 245 |
_aTarzan and Jane _cWalt Disney Pictures Presents _h[videorecording] (DVD)/ |
||
| 260 |
_aBurbank, CA _bWalt Disney Home Entertainment |
||
| 300 |
_a1 videodiscs (77 min.): _bsd., col.; _c4 3/4 in. _fDVD |
||
| 440 | _aWalt Disney Home Entertainment | ||
| 500 | _aSole Distributor in India M/s Excel Productions Audio Visuals Pvt. Ltd. | ||
| 500 | _aSpecial Features: Build Your Own Treehouse, Tarzon & Jone's Adventure Builder, Monday Moore "Singing to the Song of Life" Music Video | ||
| 538 | _aDolby Digital 5.1-English,Mandarin, Cantonese Subtitles-English, Mandarin, Bahasa | ||
| 538 | _aAspect Ratio:1.66.1, Presentation Type: Wide Screne, Presentation Size 16x9, Formaton: DVD 9- Dual Layer Single sided Disc, | ||
| 650 | _2Animated Movie | ||
| 942 |
_2ddc _cCF _hDVD _mTARZ |
||
| 999 |
_c15648 _d15648 |
||